LEADER 01109nam--2200385---450- 001 990002176270203316 005 20091014115034.0 010 $a0-300-10155-4 035 $a000217627 035 $aUSA01000217627 035 $a(ALEPH)000217627USA01 035 $a000217627 100 $a20041116d2004----km-y0itay0103----ba 101 $aeng 102 $aUS 105 $ay|||z|||001yy 200 1 $a<> insider's guide to the UN$fLinda Fasulo 210 $aNew Haven$cYale University Press$d2004 215 $aXVIII, 245 p.$d21 cm 410 0$12001 454 1$12001 461 1$1001-------$12001 606 0 $aNazioni Unite 676 $a341.23 700 1$aFASULO,$bLinda$0568683 801 0$aIT$bsalbc$gISBD 912 $a990002176270203316 951 $aXXIII.2.B. 105 (IG VIII 8 663)$b41660 G.$cXXIII.2.B. 105 (IG VIII 8)$d00134090 959 $aBK 969 $aGIU 979 $aFIORELLA$b90$c20041116$lUSA01$h1023 979 $aFIORELLA$b90$c20041116$lUSA01$h1024 979 $aRSIAV2$b90$c20091014$lUSA01$h1150 996 $aInsider's guide to the UN$91033781 997 $aUNISA LEADER 01624nam0 2200325 i 450 001 SUN0053233 005 20170405094549.608 010 $a06-910587-2-5$d0.00 100 $a20060925d1999 |0engc50 ba 101 $aeng 102 $aUS 105 $a|||| ||||| 200 1 $a*Quaternions and rotation sequences$ea primer with applications to orbits, aerospace, and virtual reality$fJack B. Kuipers 210 $aPrinceton$cPrinceton University$d1999 215 $aXXII, 371 p.$cill.$d26 cm. 606 $a68U05$xComputer graphics; computational geometry (digital and algorithmic aspects) [MSC 2020]$2MF$3SUNC020787 606 $a70-XX$xMechanics of particles and systems [MSC 2020]$2MF$3SUNC021390 606 $a70B15$xKinematics of mechanisms and robots [MSC 2020]$2MF$3SUNC023371 606 $a70E15$xFree motion of a rigid body [MSC 2020]$2MF$3SUNC023372 606 $a70Mxx$xOrbital mechanics [MSC 2020]$2MF$3SUNC023373 606 $a15B33$xMatrices over special rings (quaternions, finite fields, etc.) [MSC 2020]$2MF$3SUNC023375 620 $aUS$dPrinceton$3SUNL000078 700 1$aKuipers$b, Jack B.$3SUNV042007$0532848 712 $aPrinceton university$3SUNV000300$4650 801 $aIT$bSOL$c20201026$gRICA 856 4 $uhttps://books.google.it/books?id=_2sS4mC0p-EC&printsec=frontcover&hl=it#v=onepage&q&f=false$zPreview 912 $aSUN0053233 950 $aUFFICIO DI BIBLIOTECA DEL DIPARTIMENTO DI MATEMATICA E FISICA$d08PREST 70-XX 2307 $e08 5482 I 20060925 996 $aQuaternions and rotation sequences$942460 997 $aUNICAMPANIA LEADER 00970nam a2200253 a 4500 001 991002744259707536 008 150430s1991 it b 001 0 ita d 020 $a8806125532 020 $a9788806125530 035 $ab14225694-39ule_inst 040 $aDip.to Studi Umanistici$bita 100 1 $aCambon, Glauco,$0159835 245 13$aLa poesia di Michelangelo :$bfuria della figura /$cGlauco Cambon 260 $aTorino :$bEinaudi,$ccop. 1991 300 $aXV, 208 p. ;$c19 cm. 490 1 $aPiccola biblioteca Einaudi.$aFilologia, linguistica, critica letteraria ;$v553 504 $aCon bibliografia (p. 191-200) e indice 600 04$aMichelangelo 907 $a.b14225694$b30-04-15$c30-04-15 912 $a991002744259707536 945 $aLE008 FL.M. VIII A 106$g1$i2008000323462$lle008$o-$pE0.00$q-$rl$s- $t0$u1$v4$w1$x0$y.i15670247$z30-04-15 996 $aPoesia di Michelangelo$9256669 997 $aUNISALENTO 998 $ale008$b30-04-15$cm$da $e $fita$git $h3$i0